000
00325nam a2200157Ia 4500
100
_a
Moultis/Natanya Pitta
250
_a
1
942
_c
BK
654
_a
Computer
245
_a
Black Book Dynamics HTML
260
_b
ComDex
_a
New Delhi
_c
1998
082
_a
6.6
_b
PIT
300
_a
662
546
_a
ENGLISH
999
_c
24622
_d
24622